| 000 | 01614nam a2200373Ia 4500 | ||
|---|---|---|---|
| 001 | ebr10699083 | ||
| 003 | CaPaEBR | ||
| 006 | m o u | ||
| 007 | cr cn||||||||| | ||
| 008 | 060202s2005 njua sb 100 0 eng d | ||
| 020 | _z9789812384317 | ||
| 020 | _z9789812703095 | ||
| 020 | _z9812384316 | ||
| 040 |
_aCaPaEBR _cCaPaEBR |
||
| 035 | _a(OCoLC)666956278 | ||
| 050 | 1 | 4 |
_aQ300 _b.I57 2004eb |
| 082 | 0 | 4 |
_a003/.52 _223 |
| 111 | 2 |
_aInternational Workshop on Human and Machine Perception _n(6th : _d2004 : _cOristano, Italy) |
|
| 245 | 1 | 0 |
_aHuman & machine perception _h[electronic resource] : _bcommunication, interaction, and integration : Santa Caterina di Pittinuri, Oristano, Italy, September 6-9, 2004 / _ceditors, Sergio Vitulano ... [et al.]. |
| 246 | 3 | _aHuman and machine perception | |
| 260 |
_aHackensack, NJ : _bWorld Scientific, _cc2005. |
||
| 300 |
_ax, 172 p. : _bill. |
||
| 500 | _aProceedings of the Sixth International Workshop on Human and Machine Perception. | ||
| 504 | _aIncludes bibliographical references. | ||
| 533 |
_aElectronic reproduction. _bPalo Alto, Calif. : _cebrary, _d2013. _nAvailable via World Wide Web. _nAccess may be limited to ebrary affiliated libraries. |
||
| 650 | 0 |
_aCybernetics _vCongresses. |
|
| 650 | 0 |
_aPerception _vCongresses. |
|
| 650 | 0 |
_aData mining _vCongresses. |
|
| 650 | 0 |
_aComputer vision _vCongresses. |
|
| 655 | 7 |
_aElectronic books. _2local |
|
| 700 | 1 | _aVitulano, Sergio. | |
| 710 | 2 | _aebrary, Inc. | |
| 856 | 4 | 0 |
_uhttp://site.ebrary.com/lib/rucke/Doc?id=10699083 _zAn electronic book accessible through the World Wide Web; click to view |
| 999 |
_c6592 _d6592 |
||